| 000 | 00550nam a22002057a 4500 | ||
|---|---|---|---|
| 005 | 20170124110130.0 | ||
| 010 | _aA-806576 | ||
| 020 | _c00.00 | ||
| 035 | _aA-806576 | ||
| 037 | _bCen Lib/Ret | ||
| 082 |
_aS _bSPI |
||
| 100 |
_aSpirits, Kinderd _931965 |
||
| 245 |
_aKusum Sawhney / _cby Kinderd Spirits |
||
| 260 |
_aNew Delhi _bHar anad publications _c1995 |
||
| 270 |
_bNew Delhi _a364-A, Chrirag Delhi _e110017 |
||
| 300 |
_a245p. _c21cm(Hb) |
||
| 650 |
_aLitrature _931660 |
||
| 650 |
_aShort stories _944 |
||
| 942 |
_2ddc _cEN _hS _mSPI |
||
| 999 |
_c131507 _d131507 |
||